Ο γέρος και η θάλασσα

Αποθηκεύτηκε σε:
Λεπτομέρειες βιβλιογραφικής εγγραφής
Κύριος συγγραφέας: Hemingway, Ernest, 1899-1961
Άλλοι συγγραφείς: Κυριακίδης, Αχιλλέας, 1946- (Μεταφραστής), Pilorget, Bruno (Εικονογράφος)
Μορφή: Βιβλίο
Γλώσσα:Greek
English
Δημοσίευση: Αθήνα : Ύψιλον/Βιβλία, c1989.
Σειρά:Αερόστατο ; 24
Θέματα:
Ετικέτες: Προσθήκη ετικέτας
Δεν υπάρχουν, Καταχωρήστε ετικέτα πρώτοι!

MARC

LEADER 00000nam a2200000 i 4500
001 1/127423
008 231006t1989####gr | ||| |||| ||gre||
040 |a GR-MyUA  |b gre  |e AACR2 
041 1 |a gre  |h eng 
082 0 |a 808.0683 
100 1 |a Hemingway, Ernest,   |d 1899-1961. 
245 1 2 |a Ο γέρος και η θάλασσα /   |c Ερνεστ χέμινγουαιη ; μετάφραση από τα αγγλικά Αχιλλέας Κυριακίδης ; εικονογράφηση Bruno Pilorget ; επιμέλεια Πόπη Βουτσινά.  
260 |a Αθήνα :   |b Ύψιλον/Βιβλία,   |c c1989.  
300 |a 103 σ. ;   |c 21 εκ.  
490 1 |a (Αερόστατο ;   |v 24)  
500 |a Τίτλος πρωτοτύπου: The old man and the sea.  
650 0 |a Young adult fiction. 
650 0 |a Children's literature. 
700 1 |a Κυριακίδης, Αχιλλέας,   |d 1946-  |e trl 
700 1 |a Pilorget, Bruno,  |e ill 
830 0 |a Αερόστατο ;  |v 24 
852 |a INST  |b SAMOS  |e 20231006  |h 808.0683 HEM  |p 005300047717  |q 005300047717  |t BK  |y 0 
970 |a Φιλιππή  |b Φάλη  |z 06-10-2023